| 000 | 01178cam a22001934a 4500 | ||
|---|---|---|---|
| 005 | 20250605164001.0 | ||
| 008 | 250528s ||||||||||||||||||||||||d | ||
| 035 | _a15654 | ||
| 020 | _a77072286 | ||
| 040 |
_aGR-AtMCL _bgre _dGR-AtMCL _eAACR2 |
||
| 245 | 1 | _aFinancial Market Analysis | |
| 260 |
_bMcgraw Hill Book Company, _c1990 |
||
| 300 | _a432 | ||
| 520 | _aAn up-to-date and authoritative analysis of financial markets from within the framework of modern finance theory. Preface, Abbreviations, Introduction to Financial Markets, The Financial System, The Market Determination of Discount Rates, Financial Arithmetic, The Analysis and Valuation of Securities, Money Market Securities, Bonds, Shares, Foreign Currency, Forwards and Futures, Options and Warrants and Convertibles, Synthetic Securities, Portfolio Analysis and Management and Performance Measurement, Market Efficiency, Speculation and Arbitrage, Portfolio Analysis and Asset Pricing, Portfolio Management, Portfolio Performance Measurement, Hedging, Postscript, Case Study, Pension Fund Management, Appendix, Index. | ||
| 700 | 1 |
_aBlake David _91615 |
|
| 942 | _cBK | ||
| 999 |
_c1218 _d1218 |
||